| 000 | 00373nam a22001457a 4500 | ||
|---|---|---|---|
| 005 | 20150904150241.0 | ||
| 008 | 150904b xxu||||| |||| 00| 0 eng d | ||
| 040 | _cPK-LaUMT | ||
| 082 |
_aKHC 954.92 _bJAC-S |
||
| 100 | _aJacob, J.F.R. | ||
| 245 |
_aSurrender at dacca _bbirth of a nation _cJ.F.R. Jacob |
||
| 260 |
_aDelhi _bManohar _c1997 |
||
| 300 | _a263 p. | ||
| 942 | _cBK | ||
| 999 |
_c75448 _d75448 |
||